On This Day: June 6th II Quiz Stats

 Plays Quiz Updated Jun 6, 2018

Challenge
Share
Tweet
Embed
Score 0/7 Timer 03:00
0 Plays Today
Question Answer Wrong Answers
This popular TV sitcom, starring Sarah Jessica Parker and Kim Cattrall, premieres on HBO.
1998
Sex and the City
96%
Friends
1.1%
Will & Grace
1.1%
Mad About You
0.7%
This Democratic senator and presidential candidate, who also served as the 64th US Attorney General, dies from gunshot wounds inflicted the previous day.
1968
Robert F. Kennedy
89.4%
Huey Long
3.2%
Harvey Milk
5%
George Moscone
1.5%
Queensland is established as a separate colony from New South Wales in ______.
1859
Australia
87.3%
India
0.4%
New Zealand
11.2%
Canada
1.1%
A pot of glue boils over, creating a ‘Great Fire’ that destroys the entire downtown area of this city, today the largest in the Pacific Northwest.
1889
Seattle
84.1%
Portland
10.7%
Spokane
3.4%
Boise
1.5%
The ______ War begins when Israeli forces invade from the south, eventually reaching as far north as Beirut.
1982
Lebanon
72.2%
Syria
13.8%
Jordan
7.4%
Egypt
5.6%
The eruption of Novarupta in this US district (now a state) begins, the largest volcanic eruption of the 20th century.
1912
Alaska
39.7%
Washington
10.6%
Hawaii
46.1%
California
3%
Napoleon’s brother, Joseph Bonaparte, is crowned King of ______.
1808
Spain
32.3%
Portugal
10.1%
Italy
13.2%
France
44.3%

Today's Daily Dose

You're not logged in!

Compare scores with friends on all Sporcle quizzes.
OR
Log In

You Might Also Like...

Show Comments

Extras

Top Quizzes Today


Score Distribution

Your Account Isn't Verified!

In order to create a playlist on Sporcle, you need to verify the email address you used during registration. Go to your Sporcle Settings to finish the process.

Report this User

Report this user for behavior that violates our Community Guidelines.

Details: